000 00468nam a2200217Ia 4500
008 210210b1955 xxu||||| |||| 00| 0 eng d
041 _aeng
082 _a520/205
100 _a-
245 _aAbridged nautical almanac for the year 1956
260 _aLondon
_b-
_c1955
300 _a472
650 _ayear
650 _anautical
650 _afor
650 _aalmanac
650 _aAbridged
650 _a1956
690 _aAstronomy
906 _a008190
999 _c126076
_d126076